Racionalita a etika zodpovednosti Hansa Jonasa

Bibliographic Details
Main Authors: Sztombka, Wojtek (Author), Gluchman, Vasil, 1959- (Author)
Format: Article
Language:Slovak
ISBN:8088722179
Subjects:

MARC

LEADER 00000nab a2200000 a 4500
001 vtls009959046
003 SK-MaSNL
005 20260303122018.0
008 091012c1996 xo r m 000 00slo
015 |a SNBRA2009/10SVKPO 
038 |a SVKPO 
040 |a SVKPOCL  |c slo  |e AACR2 
041 0 |a slo 
044 |a xo  |c SK 
080 |a 141.132  |2 2001 
080 |a 17.021.1  |2 2001 
080 |a 165  |2 2001 
080 |a 1-051  |2 2001 
100 1 |a Sztombka, Wojtek  |4 aut  |9 651802 
245 1 0 |a Racionalita a etika zodpovednosti Hansa Jonasa  |c Wojtek Sztombka, Vasil Gluchman 
504 |a Bibliogr. odkazy 
600 1 7 |a Jonas, Hans,  |d 1903-1993  |2 svkpocl  |9 221190 
650 0 7 |a racionalita  |2 svkpocl  |9 17448 
650 0 7 |a etika zodpovednosti  |2 svkpocl  |9 1136176 
700 1 |a Gluchman, Vasil,  |d 1959-  |4 aut  |9 205476 
773 0 |t Moderná racionalita II. : k modelom racionality  |d Prešov : Filozofická fakulta Univerzity P. J. Šafárika v Košiciach, 1996  |g S. 137-146  |z 8088722179 
852 |a SVKPO  |b KIS3GCP 
958 |a SK 
958 |a NB 
999 |c 1918696  |d 1920626